LEADER 00933nam a2200241 i 4500 001 000000141593 003 CaOOAMICUS 005 20050722000000.0 008 050722s1980 it u000 u ita u 013 $a116245 040 $aSeMil$bita 100 1 $aMelchiorre, Virgilio,$d<1931- >.$0(OLS)http://semarc/name/2878 245 10$aIdeologia, utopia, religione /$cVirgilio Melchiorre. 260 $aMilano :$bRusconi,$c1980. 300 $a209 p. ;$c22 cm. 490 0 $aCultura nuova 650 4$aUtopia.$0(OLS)http://semarc/subject/2259 650 4$aCristianesimo e ideologia.$0(OLS)http://semarc/subject/14792 830 0$aCultura nuova.$0(OLS)http://semarc/title/7306 850 $aSeMil 852 $aSeMil$W1$xVenegono$y1$m2R II 337 =$j94813$B94813$CSeMilBibl$Z2$F100824 $81 996 $6245$aIdeologia, utopia, religione$9(OLS)http://semarc/title/206915 996 $6260$aMilano :$bRusconi$9(OLS)http://semarc/publisher/30258 LEADER 01609nam a2200337 i 4500 001 000000055286 003 CaOOAMICUS 005 20170405000000.0 008 170405s2004 xx u000 u fre u 013 $a26458 020 $a2-7071-4216-6 040 $aSeMil$bita 100 1 $aNeill, Alexander Sutherland <1833-1973>.$0(OLS)http://semarc/name/90699 240 12$aA radical approach to child reading.$0(OLS)http://semarc/title/402584 245 10$aLibres enfants de Summerhill /$cAlexander S. Neill ; traduit de l'anglais par Micheline Laguilhomie ; préface de Maud Mannoni. 260 $aParis :$bLa Découverte,$c2004. 300 $a463 p. ;$c19 cm. 490 0 $aLa Decouverte/poche ;$v163 650 4$aBambini - Educazione.$0(OLS)http://semarc/subject/12292 650 4$aSummerhill School .$0(OLS)http://semarc/subject/45000 650 4$aEducazione - Metodi sperimentali.$0(OLS)http://semarc/subject/45001 650 4$aEducazione - Gran Bretagna.$0(OLS)http://semarc/subject/45002 700 1 $aMannoni, Maud <1923-1998>.$0(OLS)http://semarc/name/90701 700 1 $aLaguilhomie, Micheline.$0(OLS)http://semarc/name/90700 830 3$aLa Decouverte/poche ;$v163.$0(OLS)http://semarc/title/401413 850 $aSeMil 852 $aSeMil$W1$xVenegono$y1$m2O II 485$j21440$B21440$CSeMilBibl$Z2$F21442 $81 961 $aOmaggio: Lorenzi don Ugo 996 $6020$a2-7071-4216-6$9(OLS)http://semarc/number/269802 996 $6245$aLibres enfants de Summerhill$9(OLS)http://semarc/title/402583 996 $6260$aParis :$bLa Découverte$9(OLS)http://semarc/publisher/31211